Constitución Nacional : comentada /
Guardado en:
| Otros Autores: | |
|---|---|
| Formato: | Libro |
| Idioma: | Undetermined |
| Publicado: |
Buenos Aires :
Editorial Estudio,
2012.
|
| Edición: | 6a. ed. |
| Series: | Textos comentados
|
| Materias: | |
| Etiquetas: |
Agregar Etiqueta
Sin Etiquetas, Sea el primero en etiquetar este registro!
|
| LEADER | 00536nam a22001815a 4500 | ||
|---|---|---|---|
| 001 | DER.der014690 | ||
| 008 | 211223s2012####ag############000#0#und#d | ||
| 005 | 20240902123649.0 | ||
| 245 | 1 | 0 | |a Constitución Nacional : |b comentada / |c Argentina. |
| 250 | |a 6a. ed. | ||
| 260 | |a Buenos Aires : |b Editorial Estudio, |c 2012. | ||
| 300 | |a 336 p. | ||
| 490 | 1 | |a Textos comentados | |
| 020 | |a 9789508973764 | ||
| 240 | 1 | 0 | |a Argentina - Constitución |
| 700 | 1 | |a Orihuela, Andrea M. | |
| 650 | 7 | |a CONSTITUCION | |
| 859 | |a DERECHO |b BIB. DERECHO |h 342.02 |i ARG |p 0010014 | ||
